000 01073nab a2200217 i 4500
001 768714001
003 CO-MdFUSB
005 20240508172108.0
008 240508t1967 sp ||||| |||| 00| 0 spa d
040 _bspa
_cCO-MdFUSB
_dCO-MdFUSB
041 _aspa
100 _aOuwerkerk, Coenraad van,
_eautor
245 _aSecularidad y ética cristiana
_c/ Coenraad van Ouwerkerk
520 _aEste boletín bibliográfico agrupa en torno al término clave «secularidad» algunas tendencias que influyen actualmente de forma implícita o explícita en la ética cristiana. Así mismo, busca contribuir a despertar una atención más general y a incitar a una mayoría a reflexionar sobre las respuestas a estos nuevos problemas.
650 7 _aÉtica cristiana
_9185
650 2 _aConciencia (Moral)
_9927
650 7 _aLaicismo
_96927
773 0 _049450
_982585
_oR2515
_tRevista internacional de teología Concilium
_w(CO-MdFUSB)8
_x0210-1041
_gNúmero 25, (mayo, 1967), páginas: 274 - 312
_qpágina: 274
942 _cANA
945 _aCatherine Arias Alvarez - Practicante SENA
999 _c69579
_d69579